00792nam a22002537a 45000010005000000030006000050050017000110080041000280200018000690400029000870500009001161000021001252450084001462500035002302600036002653000048003014900022003495050009003715200065003805210021004455210021004666000030004877000021005173046FISKH20240201103314.0240201b cb ||||| |||| 00| 0 eng d a9780545016599 aFISKHbengcFISKHdFISKH a420  aDaniels, Mickey  aSome dogs are very good /cby Daniels, Mickey : illustrated by Torrey, Richard  aFirst printing , November 2007 aNew York ;bScholastic , c2007 a16 pages :bcolor illustrations ;c26 cm .  a Sight Word Tales aE  aFind out what Spot is very good at in this very funny story.8 a280 bLexile 8 aE bRaz-Plus  2sight wordsvearly reader aTorrey, Rechard